000
00295nam a22001337a 4500
082
_a
001
_b
MAN/K
100
_a
MANOJ BOOKS
245
_a
WILD ANIMALS
_b
KIDS BOAD BOOK
260
_a
DELHI
_b
MANOJ POCKET BOOKS
300
_a
10
520
_a
WILD ANIMALS PICTURE BOOK
650
_a
G.K
942
_c
BK
999
_c
6723
_d
6723